China & World Economy

Detalles Bibliográficos
Formato: eBook
Lenguaje:inglés
Publicado: Hoboken: Wiley, 2006 -
Materias:
Acceso en línea:Acceso restringido

MARC

LEADER 00000nam a22000007a 4500
005 20210412221141.0
007 cr|||| ||||
008 210412c20069999ea n|w s|||| 0|||b1eng d
022 |a 1671-2234 
035 |a 32854 
040 |a vLex 
090 |c 11428  |d 11428 
245 0 0 |a China & World Economy  |h [Recurso electrn̤ico] / 
256 |a Servicio en ln̕ea 
260 |a Hoboken:  |b Wiley,  |c 2006 - 
300 |a 1 recurso electrn̤ico 
310 |a Irregular 
506 1 |a Disponible solo en los productos indicados  |d vLex Global  |d vLex Global (Academic Edition, excluding Law Schools)  |d vLex Global (U.S. Academic Edition, Law Schools)  |d vLex Global (U.S. Academic Edition, excluding Law Schools)  |d vLex Global (Academic Edition, Law Schools) 
650 0 4 |a Derecho Internacional  |z China 
650 0 4 |a Derecho Pb︢lico y Administrativo  |z China 
740 0 |a vLex Revistas (Servicio en ln̕ea) 
856 4 0 |u https://vlex.com/source/32854  |z Acceso restringido 
942 |c REV 
999 0 |a International Law 
999 0 |a Public and Administrative Law